000 01594nam a22001577a 4500
999 _c522298
_d522298
008 230329b ||||| |||| 00| 0 eng d
100 _aBangash, Yaqoob Khan and Virdee, Pippa
_939280
245 _aPartitioning the University of the Panjab, 1947
260 _aThe Indian Economic and Social History Review
300 _a59(4), Oct-Dec, 2022: p.423-445
520 _aIn the summer of 1947, as preparations commenced for the partition of the province of Punjab in British India, the Lahore-based Panjab University became the site of a fierce debate concerning its future. Waged within, by its officials as well as between the members of the Punjab Partition Committee, this debate saw the Hindus and Sikhs among them wishing for a ‘physical’ partitioning of the university, while the Muslims wanted it to stay intact at Lahore, which was expected to fall in Pakistan. With no agreement forthcoming, and after references to the respective ‘national’ governments, the university remained where it was, while any ideas of academic cooperation between the two sides collapsed as a new ‘East Panjab University’ was established at Simla, India. The debate over this new university, vis-à-vis its old counterpart, further carved out the university as a space of not just education but one of exhibiting new-found sovereignty and creating a staff/student-citizenry, in those partitioned times. – Reproduced
650 _aPanjab, Partition, University, Education.
_937108
773 _aThe Indian Economic and Social History Review
906 _aHIGHER EDUCATION
942 _cAR